Zsinagógai beszédek

Elmentve itt :
Bibliográfiai részletek
Szerző: Löw Lipót
Dokumentumtípus: Könyv
Megjelent: Traub B. és Társa Szeged, Magyarország 1870
Kulcsszavak:Szentbeszéd - zsidó - 19. sz., Zsidók története - Magyarország - regionális
Tárgyszavak:
Online Access:http://misc.bibl.u-szeged.hu/58092
LEADER 00813nam a2200217 i 4500
001 misc58092
005 20210611154733.0
008 210611s1870 hu o 0|| hun d
040 |a SZTE Miscellanea Repozitórium  |b hun 
041 |a hun 
100 1 |a Löw Lipót 
245 1 0 |a Zsinagógai beszédek  |h [elektronikus dokumentum] /  |c  Löw Lipót 
260 |a Traub B. és Társa  |b Szeged, Magyarország  |c 1870 
300 |a 324 p.  |c 24 cm 
650 4 |a Bölcsészettudományok 
650 4 |a Történettudomány és régészet 
650 4 |a Történettudomány 
650 4 |a Filozófia, etika és vallástudományok 
650 4 |a Vallástudományok 
695 |a Szentbeszéd - zsidó - 19. sz., Zsidók története - Magyarország - regionális 
856 4 0 |u http://misc.bibl.u-szeged.hu/58092/1/xb_237381.pdf  |z Dokumentum-elérés